000 00602nmm a2200169Ia 4500
008 251105s9999||||xx |||||||||||||||||und||
020 _a9788491343486
041 _aspa
100 _aRueda Laffond, José carlos
245 0 _aMemoria Roja :
_b Una historia cultural de la memoria comunista en España, 1936-1977
264 _a[Madrid, España] :
_bPublicaciones de la Universidad de Valencia (PUV),
_c2018
300 _a510 páginas
490 _ahistòria i memòria del franquisme
650 _aHistory of Europe: Spain
856 _uhttps://public.digitaliapublishing.com/a/62609
942 _cCF
999 _c88524
_d88524